000 00741nam a2200253Ia 4500
003 OSt
005 20220927105357.0
006 a|||||r|||| 00| 0
007 ta
008 220926b |||||||| |||| 00| 0 eng d
020 _a9789287035134
024 _a188717
037 _cReference Collections
040 _aRTL
_cRTL
_beng
041 _2eng
_aeng
082 _a"X:54, 1hN95, P9/UN"
110 _aWORLD TRADE ORGANIZATION
245 0 _aWorld trade report- 2009
_b Trade policy commitments and contingency measures.
260 _aGeneva
_bWTO
_c2009
300 _a"xxiv, 172p"
_ccm.
700 _aWORLD TRADE ORGANIZATION
942 _h"X:54, 1hN95, P9/UN"
_cCC
999 _c692194
_d692194